=LDR 00000nam 2200000 4500 =001 INLIS000000000023005 =005 20130612121714 =008 ***********************************Ind** =035 ##$$0010-061300000023005 =041 ##$$a Ind =082 ##$$a 92 (Fatwa) =090 ##$$a 92 (Fatwa), Fat-d =100 ##$$a Fatwa, A.M =245 ##$$a Demi Sebuah Rezem, Demokrasi dan Keyakinan Beragama Diadili, A.M. Fatwa =260 ##$$a 2000 $b Jakarta =300 ##$$a xviii, 525 hlm., 24 cm =650 ##$$a Fatwa, Mappetahang, Andi, 1939 II =650 ##$$a Pembelaan =850 ##$$a NBPNMAT